[Event "Oberfranken-ch U16 0910"]
[Site "Schney"]
[Date "2010.01.06"]
[Round "7"]
[White "Kraus, Lukas"]
[Black "Becker, Tobias"]
[Result "0-1"]
[WhiteElo "978"]
[BlackElo "1748"]
[PlyCount "52"]
[EventDate "2010.01.03"]
[EventType "swiss"]
[EventRounds "7"]
[EventCountry "GER"]
[SourceTitle "EXT 2015"]
[Source "ChessBase"]
[SourceDate "2014.11.20"]
[SourceVersion "1"]
[SourceVersionDate "2014.11.20"]
[SourceQuality "1"]

1. e4 c5 2. Bc4 e6 3. Nf3 Nc6 4. 0-0 d6 5. Nc3 a6 6. a4 Nge7 7. d3 g6 8. Bg5 Bg7 9. Re1 h6 10. Bxe7 Qxe7 11. e5 Nxe5 12. Nxe5 Bxe5 13. Re2 0-0 14. Qd2 Bg7 15. Nd5 Qd8 16. Nc3 d5 17. Bb3 b6 18. Re3 d4 19. Rh3 dxc3 20. bxc3 Qf6 21. Rf1 Qxc3 22. Qe3 Qd4 23. Qd2 Bb7 24. Rxh6 Bxh6 25. Qxh6 Qg4 26. g3 Qf3 0-1

[Event "Oberfranken-ch U16 0910"]
[Site "Schney"]
[Date "2010.01.05"]
[Round "5"]
[White "Hofmann, Marko"]
[Black "Kraus, Lukas"]
[Result "1-0"]
[WhiteElo "1353"]
[BlackElo "978"]
[PlyCount "95"]
[EventDate "2010.01.03"]
[EventType "swiss"]
[EventRounds "7"]
[EventCountry "GER"]
[SourceTitle "EXT 2015"]
[Source "ChessBase"]
[SourceDate "2014.11.20"]
[SourceVersion "1"]
[SourceVersionDate "2014.11.20"]
[SourceQuality "1"]

1. e4 e5 2. Nf3 Nc6 3. d4 Bd6 4. d5 Nb4 5. a3 Na6 6. b4 Nf6 7. Bd3 c6 8. c4 Bc7 9. Bb2 d6 10. 0-0 0-0 11. Nbd2 Bd7 12. Rc1 cxd5 13. cxd5 Bb6 14. Nc4 Bb5 15. a4 Bxc4 16. Rxc4 Rc8 17. Rxc8 Qxc8 18. a5 Bd8 19. Qa4 Nh5 20. Rc1 Qg4 21. Qb5 Nf4 22. Ne1 Bg5 23. Ra1 Bh4 24. f3 Qg6 25. g3 Rb8 26. Rc1 Nh3+ 27. Kg2 Nf4+ 28. Kf2 Nh3+ 29. Ke2 Bg5 30. Rc2 Qf6 31. Qd7 Ng1+ 32. Kf2 Nxf3 33. Nxf3 Nxb4 34. Rc8+ Rxc8 35. Qxc8+ Qd8 36. Qxd8+ Bxd8 37. Bf1 Bxa5 38. Ba3 Bb6+ 39. Kg2 Nc2 40. Bc1 a5 41. Bb5 Na1 42. Ba4 h6 43. Nd2 Bc7 44. Bb2 g5 45. Bxa1 h5 46. Nc4 h4 47. gxh4 gxh4 48. Kh3 1-0